000 00534nam a22001697a 4500
005 20231120121441.0
008 231120b |||||||| |||| 00| 0 eng d
020 _a0409071358
041 _aEnglish
082 _a343.4 SIL
100 _lEnglish
245 _aSilke on South African Income Tax Act of 1962 2002/2003 :
_bUpdated to include Act 74 of 2002
260 _aDurban :
_bLexisNexis Butterworths,
_c2003
300 _b476 pages ;
_c25 cm.
650 _aLegal practice
_bLaw
942 _cBK
_6ALISON_BN_VRIES
999 _c798
_d798